Statistics for Eurovision 2018 Songs by Picture

Click here to take the quiz!

General Stats

  • This quiz has been taken 150 times
  • The average score is 8 of 12

Answer Stats

Answer % Correct
Eleni Foureira - Fuego (Cyprus)
82%
Netta - Toy (Israel)
78%
Jessika ft. Jenifer Brening - Who We Are (San Marino)
76%
Rasmussen - Higher Ground (Denmark)
74%
Alekseev - Forever (Belarus)
74%
Elina Nechayeva - La forza (Estonia)
70%
Mikolas Josef - Lie to Me (Czech Republic)
63%
DoReDoS - My Lucky Day (Moldova)
57%
Julia Samoylova - I Won't Break (Russia)
50%
Equinox - Bones (Bulgaria)
50%
Mélovin - Under the Ladder (Ukraine)
44%
Sanja Ilić & Balkanika - Nova Deca (Serbia)
39%

Score Distribution

Percentile by Number Answered

Percent of People with Each Score

Your Score History

You have not taken this quiz